000 01087nam a2200301 i 4500
001 000011536
003 DO-SdBNP
005 20250514092029.0
007 ta
008 091020s1983 dr 000 f spa d
040 _aDO-SdBNP
_bspa
_cBNPHU
_erda
082 4 _aRD863.44
_bD159c
_222
100 1 _aDamirón, Rafael,
_d1882-1956
_eautor
_4aut.
_927287
245 1 3 _aLa Cacica /
_cRafael Damirón.
264 1 _aCiudad Trujillo, República Dominicana :
_bAlfa y Omega,
_c1983.
300 _a190 páginas :
_bilustraciones ;
_c21 cm.
336 _atexto
_btxt
_2rdacontent
337 _asin mediación
_bn
_2RDAmedia
338 _avolumen
_bnc
_2rdacarrier
500 _aIncluye datos biográficos del autor en la contracubierta.
534 _aFascím.
_bCiudad Trujillo, República Dominicana
_cImprenta La Opinión
_e1944.
586 _aNovela premiada en el concurso literario celebrado con motivo del Centenario de la República.
590 _aInventariado, 2025/DG
650 4 _aNovela dominicana
_9223
650 4 _aLiteratura dominicana.
_967
910 _aDG
942 _2ddc
_cLBS1
999 _c11231
_d11231